<?xml version="1.0" encoding="UTF-8"?><?xml-stylesheet type="text/xsl" href="static/style.xsl"?><OAI-PMH xmlns="http://www.openarchives.org/OAI/2.0/" xmlns:xsi="http://www.w3.org/2001/XMLSchema-instance" xsi:schemaLocation="http://www.openarchives.org/OAI/2.0/ http://www.openarchives.org/OAI/2.0/OAI-PMH.xsd"><responseDate>2026-05-12T03:12:47Z</responseDate><request verb="GetRecord" identifier="oai:riubu.ubu.es:10259/5117" metadataPrefix="marc">https://riubu.ubu.es/oai/request</request><GetRecord><record><header><identifier>oai:riubu.ubu.es:10259/5117</identifier><datestamp>2021-11-10T09:38:26Z</datestamp><setSpec>com_10259_4313</setSpec><setSpec>com_10259_5086</setSpec><setSpec>com_10259_2604</setSpec><setSpec>com_10259_4365</setSpec><setSpec>col_10259_4314</setSpec><setSpec>col_10259_4366</setSpec></header><metadata><record xmlns="http://www.loc.gov/MARC21/slim" xmlns:doc="http://www.lyncode.com/xoai" xmlns:xsi="http://www.w3.org/2001/XMLSchema-instance" xmlns:dcterms="http://purl.org/dc/terms/" xsi:schemaLocation="http://www.loc.gov/MARC21/slim http://www.loc.gov/standards/marcxml/schema/MARC21slim.xsd">
<leader>00925njm 22002777a 4500</leader>
<datafield tag="042" ind1=" " ind2=" ">
<subfield code="a">dc</subfield>
</datafield>
<datafield tag="720" ind1=" " ind2=" ">
<subfield code="a">Vallejos Calzada, Saúl</subfield>
<subfield code="e">author</subfield>
</datafield>
<datafield tag="720" ind1=" " ind2=" ">
<subfield code="a">Moreno Mediavilla, Daniel</subfield>
<subfield code="e">author</subfield>
</datafield>
<datafield tag="720" ind1=" " ind2=" ">
<subfield code="a">Ibeas Cortes, Saturnino</subfield>
<subfield code="e">author</subfield>
</datafield>
<datafield tag="720" ind1=" " ind2=" ">
<subfield code="a">Muñoz Santamaría, María Asunción</subfield>
<subfield code="e">author</subfield>
</datafield>
<datafield tag="720" ind1=" " ind2=" ">
<subfield code="a">García García, Félix Clemente</subfield>
<subfield code="e">author</subfield>
</datafield>
<datafield tag="720" ind1=" " ind2=" ">
<subfield code="a">García Pérez, José Miguel</subfield>
<subfield code="e">author</subfield>
</datafield>
<datafield tag="260" ind1=" " ind2=" ">
<subfield code="c">2019-12</subfield>
</datafield>
<datafield tag="520" ind1=" " ind2=" ">
<subfield code="a">We have developed a new method for the rapid and inexpensive determination of the total polyphenol index (TPI) in wines by simply immersing our sensory film in red or white wines and visually checking the colour change (qualitative analysis) or by analysing a photo taken of the film with a smartphone (quantitative analysis). This sensory material is straightforward and inexpensively prepared; it requires no monomer synthesis, is based on 100% commercially available monomers, and contains benzenediazonium salt motifs, which in the presence of phenols and/or polyphenol-based structures produce coloured diazo compounds. These sensory motifs are chemically anchored to the polymeric structure, and, accordingly, no migration of organic substances from the material occurs in the sensing process. Our method needs neither reagents nor sample pretreatment and has been contrasted with the standard TPI determination, i.e., measuring the absorbance of diluted wine at 280 nm, obtaining reliable data for white and red wines.</subfield>
</datafield>
<datafield tag="024" ind2=" " ind1="8">
<subfield code="a">0956-7135</subfield>
</datafield>
<datafield tag="024" ind2=" " ind1="8">
<subfield code="a">http://hdl.handle.net/10259/5117</subfield>
</datafield>
<datafield tag="024" ind2=" " ind1="8">
<subfield code="a">10.1016/j.foodcont.2019.06.010</subfield>
</datafield>
<datafield ind1=" " ind2=" " tag="653">
<subfield code="a">Polymeric sensors</subfield>
</datafield>
<datafield ind1=" " ind2=" " tag="653">
<subfield code="a">Solid phase reactions</subfield>
</datafield>
<datafield ind1=" " ind2=" " tag="653">
<subfield code="a">Colorimetric sensors</subfield>
</datafield>
<datafield ind1=" " ind2=" " tag="653">
<subfield code="a">Polyphenol sensors</subfield>
</datafield>
<datafield ind1=" " ind2=" " tag="653">
<subfield code="a">TPI</subfield>
</datafield>
<datafield tag="245" ind1="0" ind2="0">
<subfield code="a">Polymeric chemosensor for the colorimetric determination of the total polyphenol index (TPI) in wines</subfield>
</datafield>
</record></metadata></record></GetRecord></OAI-PMH>